000 00680nam a2200193 i 4500
001 69892
003 ES-MaACL
005 20230906170642.0
007 t|
008 040713s1976 sp |||| | spa d
100 1 _aGarcía Lorca, Federico,
_d1898-1936
_954853
245 1 0 _aAsí que pasen cinco años
_b; Amor de Don Perlimplín con Belisa en su jardín /
_cFederico García Lorca ; edición y estudio preliminar de E.F. Granell.
260 _a[Madrid] :
_bTaurus,
_c[1976]
300 _a165 p. ;
_c19 cm.
700 1 _aGranell, Eugenio F.
_959617
740 0 2 _aAmor de Don Perlimplín con Belisa en su jardín.
852 _aES-MaACL
_jA-5783
999 _c69892
_d69892